International accounting and reporting issues 1999 review
Gespeichert in:
| Format: | Buch |
|---|---|
| Sprache: | Englisch |
| Veröffentlicht: |
New York
United Nations
1999
|
| Schlagworte: | |
| Tags: |
Keine Tags, Fügen Sie das erste Tag hinzu!
|
MARC
| LEADER | 00000nam a2200000 4500 | ||
|---|---|---|---|
| 001 | c124743 | ||
| 005 | 20221221082712.7 | ||
| 020 | |a 92-1-112467 | ||
| 041 | 0 | |a eng | |
| 044 | |a US | ||
| 245 | 1 | 0 | |a International accounting and reporting issues |b 1999 review |
| 264 | 1 | |a New York |b United Nations |c 1999 | |
| 300 | |a 155 s. | ||
| 610 | 2 | 0 | |a účtovníctvo |
| 610 | 2 | 0 | |a výkazníctvo štatistické |
| 610 | 2 | 0 | |a vzdelanie odborné |
| 610 | 2 | 0 | |a systémy účtovné |
| 610 | 2 | 0 | |a organizácie medzinárodné |
| 610 | 2 | 0 | |a audítorstvo |
| 610 | 2 | 0 | |a výkazy finančné |
| 610 | 2 | 0 | |a výkazy účtovné |